[Event "Mittelfranken-ch QT 53rd"]
[Site "Lauf"]
[Date "2004.04.09"]
[Round "5"]
[White "Classen, Andrej"]
[Black "Langbein, Werner"]
[Result "1-0"]
[WhiteElo "1465"]
[BlackElo "1139"]
[PlyCount "95"]
[EventDate "2004.04.07"]
[EventType "swiss"]
[EventRounds "7"]
[EventCountry "GER"]
[SourceTitle "EXT 2015"]
[Source "ChessBase"]
[SourceDate "2014.11.20"]
[SourceVersion "1"]
[SourceVersionDate "2014.11.20"]
[SourceQuality "1"]

1. e4 e6 2. d4 d5 3. e5 Nc6 4. Nf3 Bd7 5. Be3 Nge7 6. c3 Nf5 7. Bf4 Nce7 8. Bd3 h6 9. Nbd2 Ng6 10. Bg3 Be7 11. Qb3 Rb8 12. 0-0-0 b5 13. Bxf5 exf5 14. h3 Be6 15. Qc2 0-0 16. Nb3 Qc8 17. Nc5 Rb6 18. b4 f4 19. Nxe6 Qxe6 20. Bh2 Nh4 21. Nxh4 Bxh4 22. Bxf4 Bxf2 23. Qxf2 Qg6 24. Qc2 Qxc2+ 25. Kxc2 Re6 26. Rhe1 c6 27. h4 Rfe8 28. g3 Ra8 29. Ra1 a5 30. a3 a4 31. Re3 Kh7 32. h5 g6 33. hxg6+ Kxg6 34. Rh1 Rh8 35. Re2 Kf5 36. Reh2 Rh7 37. Rxh6 Rhxh6 38. Rxh6 f6 39. Rxf6+ Rxf6 40. exf6 Kxf6 41. g4 Kg6 42. Kd3 Kf7 43. Ke3 Kg6 44. Kf3 Kf7 45. Be5 Kg6 46. Kf4 Kh7 47. Kf5 Kg8 48. Ke6 1-0

[Event "Mittelfranken-ch QT 53rd"]
[Site "Lauf"]
[Date "2004.04.08"]
[Round "3"]
[White "Genser, Nils"]
[Black "Langbein, Werner"]
[Result "1/2-1/2"]
[WhiteElo "996"]
[BlackElo "1139"]
[PlyCount "30"]
[EventDate "2004.04.07"]
[EventType "swiss"]
[EventRounds "7"]
[EventCountry "GER"]
[SourceTitle "EXT 2015"]
[Source "ChessBase"]
[SourceDate "2014.11.20"]
[SourceVersion "1"]
[SourceVersionDate "2014.11.20"]
[SourceQuality "1"]

1. Nf3 d5 2. d4 e6 3. e3 Be7 4. Nc3 Nf6 5. Bd3 b6 6. Bd2 0-0 7. 0-0 Ba6 8. Qe2 Bxd3 9. Qxd3 Nbd7 10. e4 dxe4 11. Nxe4 Nxe4 12. Qxe4 Nf6 13. Qd3 h6 14. Qe3 Nd5 15. Qe4 Qd6 1/2-1/2

[Event "Mittelfranken-ch QT 53rd"]
[Site "Lauf"]
[Date "2004.04.07"]
[Round "1"]
[White "Kurze, Peter"]
[Black "Langbein, Werner"]
[Result "1-0"]
[WhiteElo "1672"]
[BlackElo "1139"]
[PlyCount "112"]
[EventDate "2004.04.07"]
[EventType "swiss"]
[EventRounds "7"]
[EventCountry "GER"]
[SourceTitle "EXT 2015"]
[Source "ChessBase"]
[SourceDate "2014.11.20"]
[SourceVersion "1"]
[SourceVersionDate "2014.11.20"]
[SourceQuality "1"]

1. d4 d5 2. c4 c6 3. Nc3 Bf5 4. e3 e6 5. a3 Nf6 6. c5 Be7 7. Nf3 0-0 8. Nh4 Be4 9. Nxe4 Nxe4 10. Nf3 Nd7 11. Bd3 Nef6 12. 0-0 Re8 13. Re1 Qc7 14. e4 Nf8 15. e5 N6d7 16. Bg5 Bd8 17. Bxd8 Raxd8 18. b4 b6 19. Qc2 h6 20. Nh4 Rb8 21. f4 bxc5 22. bxc5 Qb7 23. Reb1 Qc7 24. f5 Rxb1+ 25. Rxb1 Nxe5 26. dxe5 Qxe5 27. Nf3 Qe3+ 28. Kf1 Qf4 29. Qd2 Qxd2 30. Nxd2 Nd7 31. fxe6 fxe6 32. Nb3 Ne5 33. Ke2 Rb8 34. Nd4 Rxb1 35. Bxb1 Kf7 36. h3 Ke7 37. Bd3 Kf6 38. Ba6 Nd7 39. Nb3 Ne5 40. a4 Ke7 41. Nd4 Kd7 42. Ke3 g5 43. Nf3 Nf7 44. Kd4 Kc7 45. g3 Kb8 46. Ne5 Nd8 47. Ng4 Nf7 48. Ne5 Nd8 49. Ng6 Nf7 50. g4 Kc7 51. a5 Kb8 52. Bd3 Kc7 53. a6 Kd7 54. Ne5+ Nxe5 55. Kxe5 Ke7 56. Bg6 Kd7 1-0

[Event "Mittelfranken Mitte-ch 0304"]
[Site "Zirndorf"]
[Date "2004.??.??"]
[Round "2"]
[White "Klein, Markus1111"]
[Black "Langbein, Werner"]
[Result "1/2-1/2"]
[WhiteElo "1536"]
[BlackElo "1325"]
[PlyCount "39"]
[EventDate "2004.01.02"]
[EventType "swiss"]
[EventRounds "7"]
[EventCountry "GER"]
[SourceTitle "EXT 2015"]
[Source "ChessBase"]
[SourceDate "2014.11.20"]
[SourceVersion "1"]
[SourceVersionDate "2014.11.20"]
[SourceQuality "1"]

1. d4 d5 2. Nf3 Nf6 3. c4 e6 4. Bg5 Be7 5. Nc3 c6 6. e3 Nbd7 7. Bd3 0-0 8. 0-0 b6 9. Rc1 Ne8 10. Bf4 Bd6 11. Bxh7+ Kxh7 12. Ng5+ Kg8 13. Qc2 Ndf6 14. Be5 Bd7 15. cxd5 cxd5 16. Qd3 a5 17. Ne2 Rc8 18. Ng3 Rxc1 19. Rxc1 g6 20. f4 1/2-1/2